| 000 | 00511nam a2200217Ia 4500 | ||
|---|---|---|---|
| 003 | OSt | ||
| 005 | 20220331144751.0 | ||
| 008 | 210210b1978 xxu||||| |||| 00| 0 eng d | ||
| 040 |
_aAL _c |
||
| 041 | _aEnglish | ||
| 082 | _a657.45 SHAA | ||
| 100 |
_aSHARMA (T R). _927043 |
||
| 245 | _aAuditing: principles and problems | ||
| 250 | _a4 | ||
| 260 |
_aAgra _bSahitya Bhavan _c1978 |
||
| 300 | _avi,504 | ||
| 650 |
_aAuditing _927044 |
||
| 690 |
_aAuditing _927044 |
||
| 906 | _aSG01296 | ||
| 942 |
_2ddc _cBK |
||
| 999 |
_c112333 _d112333 |
||